[Event "GER-chT Seniors 17th"]
[Site "Berlin"]
[Date "2008.09.02"]
[Round "3"]
[White "Igney, Volkhard"]
[Black "Krueger, Erich"]
[Result "1-0"]
[WhiteElo "2241"]
[BlackElo "2196"]
[PlyCount "89"]
[EventDate "2008.08.31"]
[EventType "team-swiss"]
[EventRounds "7"]
[EventCountry "GER"]
[SourceTitle "CBM 126 Extra"]
[Source "ChessBase"]
[SourceDate "2008.11.05"]
[SourceVersion "1"]
[SourceVersionDate "2008.11.05"]
[SourceQuality "1"]

1. d4 Nf6 2. c4 g6 3. Nc3 Bg7 4. e4 d6 5. Be2 0-0 6. Nf3 e5 7. Be3 Na6 8. dxe5 dxe5 9. Nd2 c6 10. 0-0 Qe7 11. a3 Nc5 12. Bxc5 Qxc5 13. b4 Qe7 14. c5 Rd8 15. Qc2 Be6 16. Rad1 Ne8 17. Nc4 Rd4 18. Nd2 Rad8 19. Nf3 Rxd1 20. Rxd1 Bg4 21. Rxd8 Qxd8 22. Qd1 Qxd1+ 23. Bxd1 Nc7 24. Nd2 Bxd1 25. Nxd1 a5 26. Nb2 axb4 27. axb4 f5 28. f3 Nb5 29. Ndc4 fxe4 30. fxe4 Nc3 31. Nd6 Kf8 32. Nxb7 Nxe4 33. Nd8 Nc3 34. Nxc6 e4 35. Nc4 Ke8 36. Kf2 Kd7 37. N4a5 Bh6 38. Nd4 Bd2 39. Nc4 e3+ 40. Nxe3 Ne4+ 41. Kf3 Ng5+ 42. Kf4 h6 43. b5 Bb4 44. c6+ Kc8 45. Nc4 1-0

[Event "GER-chT Seniors 16th"]
[Site "Halle"]
[Date "2007.09.18"]
[Round "6.2"]
[White "Igney, Volkhard"]
[Black "Oechslein, Rainer"]
[Result "0-1"]
[WhiteElo "2242"]
[BlackElo "2237"]
[PlyCount "56"]
[EventDate "2007.09.13"]
[EventType "team"]
[EventRounds "7"]
[EventCountry "GER"]
[SourceTitle "EXT 2008"]
[Source "ChessBase"]
[SourceDate "2007.11.25"]
[SourceVersion "1"]
[SourceVersionDate "2007.11.25"]
[SourceQuality "1"]

1. d4 Nf6 2. c4 g6 3. Nc3 Bg7 4. e4 0-0 5. Nf3 d6 6. Be2 e5 7. Be3 c6 8. 0-0 Nbd7 9. Qd2 Ng4 10. Bg5 f6 11. Bh4 Qe7 12. Rad1 Nh6 13. b4 g5 14. Bg3 g4 15. Nh4 exd4 16. Nb1 Ne5 17. Qxd4 f5 18. Qd2 f4 19. Bxf4 Qxh4 20. Bg3 Qe7 21. Qxd6 Qxd6 22. Rxd6 Nhf7 23. Rdd1 Be6 24. c5 Bxa2 25. f4 gxf3 26. gxf3 Rad8 27. Bh4 Rxd1 28. Rxd1 Ng6 0-1

[Event "GER-chT Seniors 16th"]
[Site "Halle"]
[Date "2007.09.14"]
[Round "2.2"]
[White "Krueger, Gerhard"]
[Black "Igney, Volkhard"]
[Result "0-1"]
[WhiteElo "1991"]
[BlackElo "2242"]
[PlyCount "44"]
[EventDate "2007.09.13"]
[EventType "team"]
[EventRounds "7"]
[EventCountry "GER"]
[SourceTitle "EXT 2008"]
[Source "ChessBase"]
[SourceDate "2007.11.25"]
[SourceVersion "1"]
[SourceVersionDate "2007.11.25"]
[SourceQuality "1"]

1. e4 c6 2. d4 d5 3. exd5 cxd5 4. Bd3 Nc6 5. c3 g6 6. Bf4 Bg7 7. Nf3 Nh6 8. 0-0 0-0 9. Re1 f6 10. Bxh6 Bxh6 11. Nh4 Qd6 12. g3 e5 13. dxe5 fxe5 14. Na3 Qf6 15. Qc2 Bg4 16. Ng2 e4 17. Bf1 Ne5 18. Ne3 Nf3+ 19. Kg2 Nxe1+ 20. Rxe1 Bxe3 21. Rxe3 Rf7 22. h3 Raf8 0-1

[Event "Bad Woerishofen Seniors opA 23rd"]
[Site "Bad Woerishofen"]
[Date "2007.03.15"]
[Round "8"]
[White "Igney, Volkhard"]
[Black "Kripp, Wolfgang"]
[Result "1/2-1/2"]
[WhiteElo "2116"]
[BlackElo "2005"]
[PlyCount "36"]
[EventDate "2007.03.08"]
[EventType "swiss"]
[EventRounds "9"]
[EventCountry "GER"]
[SourceTitle "EXT 2022"]
[Source "ChessBase"]
[SourceDate "2021.10.06"]
[SourceVersion "1"]
[SourceVersionDate "2021.10.06"]
[SourceQuality "1"]

1. d4 d5 2. c4 e6 3. Nc3 Nf6 4. Bg5 Be7 5. e3 0-0 6. Nf3 Nbd7 7. Qc2 c6 8. a3 a5 9. h3 Re8 10. Rc1 Nf8 11. c5 N6d7 12. Bf4 Ng6 13. Bg3 e5 14. dxe5 Bxc5 15. Bd3 Ndxe5 16. Nxe5 Nxe5 17. Bxh7+ Kh8 18. Ne2 Bd6 1/2-1/2

[Event "GER-chT Seniors 15th"]
[Site "Bad Blankenburg"]
[Date "2006.09.07"]
[Round "5.1"]
[White "Denda, Ronald"]
[Black "Igney, Volkhard"]
[Result "1/2-1/2"]
[WhiteElo "2055"]
[BlackElo "2249"]
[PlyCount "44"]
[EventDate "2006.09.03"]
[EventType "team-swiss"]
[EventRounds "7"]
[EventCountry "GER"]
[SourceTitle "CBM 114 Extra"]
[Source "ChessBase"]
[SourceDate "2006.11.03"]
[SourceVersion "1"]
[SourceVersionDate "2006.11.03"]
[SourceQuality "1"]

1. e4 c5 2. Nf3 e6 3. d4 cxd4 4. Nxd4 a6 5. Nc3 Qc7 6. Bd3 b5 7. a3 Bb7 8. 0-0 Bc5 9. Be3 Nf6 10. Re1 0-0 11. Nf3 Bxe3 12. Rxe3 Ng4 13. Re1 Nc6 14. h3 Nge5 15. Nxe5 Nxe5 16. Qe2 Rac8 17. Rac1 Rfd8 18. Kh1 Qc5 19. Kg1 Nxd3 20. cxd3 Qd4 21. Qe3 Qxe3 22. fxe3 Rc5 1/2-1/2

[Event "GER-ch Seniors 18th"]
[Site "Dresden"]
[Date "2006.07.27"]
[Round "6"]
[White "Igney, Volkhard"]
[Black "Rahls, Peter"]
[Result "0-1"]
[WhiteElo "2249"]
[BlackElo "2310"]
[PlyCount "170"]
[EventDate "2006.07.22"]
[EventType "swiss"]
[EventRounds "9"]
[EventCountry "GER"]
[SourceTitle "CBM 113 Extra"]
[Source "ChessBase"]
[SourceDate "2006.09.14"]
[SourceVersion "1"]
[SourceVersionDate "2006.09.14"]
[SourceQuality "1"]

1. d4 c5 2. c3 e6 3. Nf3 Nf6 4. e3 b6 5. Nbd2 Bb7 6. Bd3 Be7 7. Qe2 d5 8. 0-0 Nbd7 9. e4 dxe4 10. Nxe4 0-0 11. Re1 cxd4 12. cxd4 Nxe4 13. Bxe4 Bxe4 14. Qxe4 Nf6 15. Qh4 Rc8 16. Bd2 Nd5 17. Qe4 Bb4 18. Ng5 Nf6 19. Qd3 Bxd2 20. Qxd2 Rc4 21. Nf3 Qc7 22. Re2 Rc8 23. Ne1 Rd8 24. Nf3 Rc8 25. Ne1 Qd7 26. Rd1 Qd5 27. Nf3 Qf5 28. Re5 Qg6 29. Ne1 h6 30. h3 Nd5 31. Re2 Qf6 32. Re4 Qf5 33. Re5 Qf4 34. Qxf4 Nxf4 35. Kh2 Rd8 36. Re4 Nd5 37. Re2 Nb4 38. Nf3 Nxa2 39. Ra1 Nc1 40. Re1 Nb3 41. Rxa7 Nxd4 42. Ne5 Rc2 43. Rxf7 Rxb2 44. Rb7 Rxf2 45. Rxb6 Rd5 46. Kg1 Ra2 47. Ng6 Rg5 48. Rb8+ Kf7 49. Ne5+ Kf6 50. Rf8+ Ke7 51. Rf7+ Ke8 52. Rf2 Rxf2 53. Kxf2 Rf5+ 54. Kg3 Ke7 55. Re4 Nb5 56. Nf3 Kf6 57. Nd4 Nxd4 58. Rxd4 g5 59. h4 Ra5 60. hxg5+ hxg5 61. Rd3 Ra4 62. Rb3 Kf5 63. Rc3 e5 64. Rb3 Rf4 65. Rb5 Ke6 66. Rb6+ Kd5 67. Rg6 g4 68. Rg8 Kd4 69. Rd8+ Ke3 70. Re8 e4 71. Re7 Rf8 72. Kxg4 Kd3 73. Kh4 e3 74. g4 e2 75. Kh5 Rf3 76. Rxe2 Rh3+ 77. Kg6 Kxe2 78. g5 Ke3 79. Kf6 Rf3+ 80. Kg7 Ke4 81. g6 Ke5 82. Kh7 Kf6 83. g7 Rh3+ 84. Kg8 Rg3 85. Kh8 Kf7 0-1

[Event "Bad Woerishofen op 22nd"]
[Site "Bad Woerishofen"]
[Date "2006.03.23"]
[Round "7"]
[White "Packroff, Hermann"]
[Black "Igney, Volkhard"]
[Result "1/2-1/2"]
[WhiteElo "2157"]
[BlackElo "2250"]
[PlyCount "44"]
[EventDate "2006.03.17"]
[EventType "swiss"]
[EventRounds "9"]
[EventCountry "GER"]
[SourceTitle "CBM 111 Extra"]
[Source "ChessBase"]
[SourceDate "2006.05.09"]
[SourceVersion "1"]
[SourceVersionDate "2006.05.09"]
[SourceQuality "1"]

1. d4 d5 2. Bg5 h6 3. Bh4 c6 4. e3 Qb6 5. b3 e5 6. Nf3 e4 7. Ne5 Nd7 8. Qh5 Nxe5 9. Qxe5+ Be6 10. Be2 Qb4+ 11. c3 Qd6 12. Bg3 Qxe5 13. Bxe5 Ne7 14. 0-0 f6 15. Bg3 Nf5 16. Bh5+ Kd7 17. Nd2 Nxg3 18. hxg3 g5 19. Be2 Bd6 20. b4 a5 21. a3 a4 22. c4 b6 1/2-1/2

[Event "Bad Woerishofen Seniors opA 22th"]
[Site "Bad Woerishofen"]
[Date "2006.03.22"]
[Round "6"]
[White "Igney, Volkhard"]
[Black "Goy, Udo"]
[Result "1/2-1/2"]
[WhiteElo "2150"]
[BlackElo "2124"]
[PlyCount "106"]
[EventDate "2006.03.17"]
[EventType "swiss"]
[EventRounds "9"]
[EventCountry "GER"]
[SourceTitle "EXT 2022"]
[Source "ChessBase"]
[SourceDate "2021.10.06"]
[SourceVersion "1"]
[SourceVersionDate "2021.10.06"]
[SourceQuality "1"]

1. e4 d6 2. d4 Nf6 3. Nc3 c6 4. Nf3 g6 5. Be2 Bg7 6. 0-0 0-0 7. h3 Qc7 8. Be3 Nbd7 9. Qd2 b5 10. a3 Bb7 11. Bf4 a6 12. e5 dxe5 13. Nxe5 Nxe5 14. Bxe5 Qd7 15. Bf3 Rac8 16. Qe3 Nd5 17. Bxd5 cxd5 18. Bxg7 Kxg7 19. Rfe1 Rfe8 20. Rad1 Qf5 21. Rd2 e6 22. Ne2 Qe4 23. Ng3 Qxe3 24. Rxe3 Rc4 25. Ne2 Rec8 26. c3 a5 27. b4 axb4 28. axb4 Ra8 29. f4 Ra1+ 30. Kf2 Rc8 31. Red3 Bc6 32. Rc2 Bd7 33. Rdd2 Rca8 34. Nc1 Kf6 35. Nb3 R1a3 36. Rb2 Ke7 37. Rdc2 Kd6 38. Ke3 Be8 39. Na5 Bc6 40. Ra2 Rxa2 41. Rxa2 Kc7 42. g4 Bd7 43. g5 Bc8 44. h4 Bd7 45. Ra1 Bc6 46. h5 Kd6 47. Rh1 Bd7 48. Ra1 Bc6 49. h6 Kc7 50. Nb3 Rxa1 51. Nxa1 Kd6 52. Nb3 Ke7 53. Nc5 f5 1/2-1/2

[Event "Bad Woerishofen op 22nd"]
[Site "Bad Woerishofen"]
[Date "2006.03.17"]
[Round "1"]
[White "Kreie, Guenther"]
[Black "Igney, Volkhard"]
[Result "0-1"]
[WhiteElo "1973"]
[BlackElo "2250"]
[PlyCount "70"]
[EventDate "2006.03.17"]
[EventType "swiss"]
[EventRounds "9"]
[EventCountry "GER"]
[SourceTitle "CBM 111 Extra"]
[Source "ChessBase"]
[SourceDate "2006.05.09"]
[SourceVersion "1"]
[SourceVersionDate "2006.05.09"]
[SourceQuality "1"]

1. e4 c5 2. Nf3 d6 3. d4 cxd4 4. Nxd4 Nf6 5. Nc3 a6 6. Bg5 e6 7. Be2 Nbd7 8. 0-0 Be7 9. Kh1 Qc7 10. f3 b5 11. a3 Bb7 12. Qe1 d5 13. exd5 Bxd5 14. Nxd5 Nxd5 15. Bxe7 Nxe7 16. f4 0-0 17. Bf3 Rad8 18. Qh4 Ng6 19. Qg3 Nf6 20. Nc6 Rd2 21. Rad1 Rxc2 22. Nb4 Rxb2 23. Nxa6 Qa5 24. Bb7 Qb6 25. Qf3 Nh4 26. Qc6 Qe3 27. Qc5 Qe2 28. Rfe1 Qg4 29. Qc3 Rxg2 30. Rg1 Nd5 31. Bxd5 exd5 32. h3 Rh2+ 33. Kxh2 Nf3+ 34. Qxf3 Qxf3 35. Rdf1 Qxa3 0-1

[Event "Bad Woerishofen Seniors op 21st"]
[Site "Bad Woerishofen"]
[Date "2005.03.09"]
[Round "7"]
[White "Minz, Michail"]
[Black "Igney, Volkhard"]
[Result "1/2-1/2"]
[WhiteElo "2055"]
[BlackElo "2269"]
[PlyCount "50"]
[EventDate "2005.03.03"]
[EventType "swiss"]
[EventRounds "9"]
[EventCountry "GER"]
[SourceTitle "EXT 2006"]
[Source "ChessBase"]
[SourceDate "2005.11.24"]
[SourceVersion "1"]
[SourceVersionDate "2005.11.24"]
[SourceQuality "1"]

1. e4 c6 2. d4 d5 3. e5 Bf5 4. Nc3 a6 5. Bd3 Bxd3 6. Qxd3 e6 7. Bf4 c5 8. Nce2 Nc6 9. c3 cxd4 10. Nxd4 Nxd4 11. cxd4 Bb4+ 12. Bd2 Qa5 13. a3 Bxd2+ 14. Qxd2 Qb5 15. Rc1 Ne7 16. Ne2 0-0 17. Rc5 Qd7 18. 0-0 Rfc8 19. Rfc1 Rxc5 20. Rxc5 Rc8 21. Qc2 Rc6 22. Rxc6 Qxc6 23. Qxc6 Nxc6 24. b3 Na5 25. Nc1 Nc6 1/2-1/2

[Event "Bad Woerishofen Seniors op 21st"]
[Site "Bad Woerishofen"]
[Date "2005.03.05"]
[Round "3"]
[White "Schumacher, Helmut"]
[Black "Igney, Volkhard"]
[Result "0-1"]
[WhiteElo "2022"]
[BlackElo "2269"]
[PlyCount "58"]
[EventDate "2005.03.03"]
[EventType "swiss"]
[EventRounds "9"]
[EventCountry "GER"]
[SourceTitle "EXT 2006"]
[Source "ChessBase"]
[SourceDate "2005.11.24"]
[SourceVersion "1"]
[SourceVersionDate "2005.11.24"]
[SourceQuality "1"]

1. d4 d5 2. Nc3 Nf6 3. Bg5 Nbd7 4. Qd3 h6 5. Bf4 c6 6. Nf3 e6 7. e4 dxe4 8. Nxe4 Nxe4 9. Qxe4 Qa5+ 10. c3 Be7 11. Bd3 Nf6 12. Qe2 0-0 13. 0-0 c5 14. dxc5 Qxc5 15. Rad1 Qa5 16. a3 Bd7 17. Ne5 Ba4 18. Rd2 Rfe8 19. Ng4 Nxg4 20. Qxg4 Kf8 21. b4 Qd5 22. Re1 Rad8 23. Re5 Qc6 24. c4 Rd4 25. b5 Qd7 26. Rd5 Rxf4 27. Qxf4 exd5 28. cxd5 Bxb5 29. Bf5 Bd6 0-1

[Event "Bad Woerishofen Seniors op 21st"]
[Site "Bad Woerishofen"]
[Date "2005.03.04"]
[Round "2"]
[White "Igney, Volkhard"]
[Black "Scheidt, Eugen"]
[Result "1-0"]
[WhiteElo "2269"]
[BlackElo "1738"]
[PlyCount "65"]
[EventDate "2005.03.03"]
[EventType "swiss"]
[EventRounds "9"]
[EventCountry "GER"]
[SourceTitle "EXT 2006"]
[Source "ChessBase"]
[SourceDate "2005.11.24"]
[SourceVersion "1"]
[SourceVersionDate "2005.11.24"]
[SourceQuality "1"]

1. d4 d5 2. c4 e6 3. Nc3 Nf6 4. Bg5 Be7 5. cxd5 exd5 6. Qc2 c6 7. e3 Be6 8. Bd3 h6 9. Bh4 Nbd7 10. Nf3 Rc8 11. 0-0 0-0 12. Bf5 Bxf5 13. Qxf5 g6 14. Qd3 Re8 15. Rab1 Kg7 16. Rfc1 c5 17. Bxf6+ Nxf6 18. dxc5 Bxc5 19. Rd1 Qa5 20. Nxd5 Qxa2 21. Nxf6 Kxf6 22. Qc3+ Ke7 23. Qg7 h5 24. Ne5 Bd6 25. Nxg6+ Ke6 26. Nh4 Be5 27. Qh6+ Bf6 28. Qxh5 Rc7 29. Qg4+ Ke7 30. Nf5+ Kf8 31. Nh6 Bg7 32. Qb4+ Rce7 33. Nf5 1-0

[Event "EU-ch Seniors 05th"]
[Site "Bad Homburg"]
[Date "2005.??.??"]
[Round "3"]
[White "Bondick, Karl Heinz"]
[Black "Igney, Volkhard"]
[Result "1-0"]
[WhiteElo "2133"]
[BlackElo "2269"]
[PlyCount "51"]
[EventDate "2005.06.25"]
[EventType "swiss"]
[EventRounds "9"]
[EventCountry "GER"]
[SourceTitle "EXT 2006"]
[Source "ChessBase"]
[SourceDate "2005.11.24"]
[SourceVersion "1"]
[SourceVersionDate "2005.11.24"]
[SourceQuality "1"]

1. d4 d5 2. e4 dxe4 3. Nc3 Nf6 4. f3 exf3 5. Nxf3 Bf5 6. Ne5 e6 7. g4 Bg6 8. Bg2 c6 9. h4 Bb4 10. 0-0 Bxc2 11. Qd2 0-0 12. Rf4 Ba4 13. Qf2 Bxc3 14. bxc3 Qe7 15. Nc4 Qc7 16. Ba3 Rd8 17. Rxf6 gxf6 18. Qxf6 c5 19. Ne5 Nc6 20. Bxc6 Bxc6 21. Rf1 Rd5 22. Qg5+ Kf8 23. Qh6+ Ke8 24. Rxf7 Qd6 25. Qxh7 Kd8 26. Nxc6+ 1-0

[Event "GER-chA Seniors 16th"]
[Site "Templin"]
[Date "2004.09.05"]
[Round "2"]
[White "Igney, Volkhard"]
[Black "Schlinkert, Karl"]
[Result "1-0"]
[WhiteElo "2268"]
[BlackElo "2092"]
[PlyCount "67"]
[EventDate "2004.09.04"]
[EventType "swiss"]
[EventRounds "9"]
[EventCountry "GER"]
[SourceTitle "EXT 2005"]
[Source "ChessBase"]
[SourceDate "2004.11.15"]
[SourceVersion "1"]
[SourceVersionDate "2004.11.15"]
[SourceQuality "1"]

1. d4 Nf6 2. c4 g6 3. Nc3 d5 4. Bf4 c6 5. e3 Bg7 6. Nf3 Bg4 7. Bd3 0-0 8. h3 Bxf3 9. Qxf3 e6 10. 0-0 dxc4 11. Bxc4 Nd5 12. Bxd5 exd5 13. b4 a6 14. Rfc1 Qe7 15. Qg3 Re8 16. Rab1 Nd7 17. Bd6 Qe6 18. Na4 Nf6 19. Nc5 Qc8 20. Qf3 Ne4 21. Nxe4 dxe4 22. Qe2 Qd7 23. Bf4 Re6 24. a4 h6 25. b5 axb5 26. axb5 Kh7 27. Qb2 g5 28. Bg3 Rc8 29. bxc6 Rcxc6 30. Rxc6 bxc6 31. Qc2 Qd8 32. Rc1 f5 33. Qc4 Qd7 34. d5 1-0

[Event "Wuerttemberg-ch Seniors 16th"]
[Site "Freudenstadt"]
[Date "2004.05.05"]
[Round "4"]
[White "Spurga, Josef"]
[Black "Igney, Volkhard"]
[Result "0-1"]
[WhiteElo "2016"]
[BlackElo "2230"]
[PlyCount "78"]
[EventDate "2004.05.02"]
[EventType "swiss"]
[EventRounds "9"]
[EventCountry "GER"]
[SourceTitle "EXT 2006"]
[Source "ChessBase"]
[SourceDate "2005.11.24"]
[SourceVersion "1"]
[SourceVersionDate "2005.11.24"]
[SourceQuality "1"]

1. e4 c6 2. d4 d5 3. Nd2 dxe4 4. Nxe4 Nd7 5. Nf3 Ngf6 6. Nxf6+ Nxf6 7. Bc4 Bf5 8. Qe2 e6 9. Bg5 Bg4 10. 0-0-0 Be7 11. Kb1 b5 12. Bd3 Qd5 13. Qe3 Bxf3 14. gxf3 Rd8 15. Be2 Qf5 16. Rhg1 Nd5 17. Qc1 Bxg5 18. Rxg5 Qf6 19. Rg4 h5 20. Re4 Qf5 21. Rg1 g6 22. Rg5 Qf6 23. c3 a6 24. Qg1 Ne7 25. Qg3 Nd5 26. h4 Ke7 27. Bf1 Rd6 28. Bh3 Rhd8 29. a3 c5 30. Bxe6 Rxe6 31. Rxe6+ fxe6 32. Rxg6 Qf5+ 33. Ka1 cxd4 34. cxd4 Qf4 35. Qh3 Qc1+ 36. Ka2 Qc4+ 37. Ka1 Qc1+ 38. Ka2 Nc3+ 39. Kb3 Qd1+ 0-1

[Event "Bad Woerishofen Seniors op 20th"]
[Site "Bad Woerishofen"]
[Date "2004.03.24"]
[Round "6"]
[White "Igney, Volkhard"]
[Black "Villing, Dieter"]
[Result "1-0"]
[WhiteElo "2230"]
[BlackElo "2231"]
[PlyCount "145"]
[EventDate "2004.03.18"]
[EventType "swiss"]
[EventRounds "9"]
[EventCountry "GER"]
[SourceTitle "CBM 099 Extra"]
[Source "ChessBase"]
[SourceDate "2004.05.04"]
[SourceVersion "1"]
[SourceVersionDate "2004.05.04"]
[SourceQuality "1"]

1. d4 d6 2. Nf3 Bg4 3. c4 Nd7 4. e4 Ngf6 5. Nc3 e5 6. Be3 exd4 7. Bxd4 Be7 8. Be2 0-0 9. Qb3 Nc5 10. Qc2 c6 11. 0-0 Ne6 12. Be3 Qc7 13. Rfd1 a6 14. Nd4 Nxd4 15. Bxd4 Bxe2 16. Qxe2 Rfe8 17. Rd3 b5 18. b3 bxc4 19. bxc4 Qa5 20. Rad1 Rac8 21. Be3 Nd7 22. Bd4 Bf6 23. Bxf6 Nxf6 24. Qf3 Qb4 25. Rxd6 Qxc4 26. R6d4 Qe6 27. Qd3 a5 28. f4 g6 29. Rd6 Qe7 30. e5 Nh5 31. Qd4 Qb7 32. g4 c5 33. Qc4 Qb4 34. Qxb4 cxb4 35. Nd5 Nxf4 36. Nxf4 Rxe5 37. Rd8+ Rxd8 38. Rxd8+ Kg7 39. Kf2 Rc5 40. Ke3 Rc2 41. Rd2 Rc3+ 42. Kd4 h5 43. g5 Rf3 44. Nd5 h4 45. Nf6 Rf4+ 46. Ne4 Rg4 47. h3 Rf4 48. Ke3 Rf5 49. Rd8 a4 50. Rb8 b3 51. axb3 axb3 52. Rxb3 Kf8 53. Rb8+ Ke7 54. Rh8 Ra5 55. Rxh4 Ke6 56. Rh8 Kf5 57. Re8 Ra3+ 58. Kd4 Ra4+ 59. Kd5 Ra5+ 60. Kd6 Ra6+ 61. Ke7 Kxe4 62. Kxf7+ Kf5 63. h4 Kg4 64. Rh8 Kf5 65. Kg7 Kg4 66. Kh6 Kxh4 67. Rg8 Kg4 68. Rxg6 Ra1 69. Rb6 Rh1+ 70. Kg6 Rg1 71. Rb4+ Kf3 72. Kh6 Ke3 73. g6 1-0

[Event "GER-chT Seniors 12th"]
[Site "Finsterbergen"]
[Date "2003.08.15"]
[Round "6.2"]
[White "Igney, Volkhard"]
[Black "Rahls, Peter"]
[Result "0-1"]
[WhiteElo "2248"]
[BlackElo "2300"]
[PlyCount "108"]
[EventDate "2003.08.10"]
[EventType "team"]
[EventRounds "7"]
[EventCountry "GER"]
[SourceTitle "EXT 2012"]
[Source "ChessBase"]
[SourceDate "2011.11.24"]
[SourceVersion "1"]
[SourceVersionDate "2011.11.24"]
[SourceQuality "1"]
[WhiteTeam "Wuerttemberg"]
[BlackTeam "Berlin"]
[WhiteTeamCountry "GER"]
[BlackTeamCountry "GER"]

1. d4 c5 2. d5 e5 3. e4 d6 4. Nc3 a6 5. a4 Be7 6. Nf3 Bg4 7. Ra3 Nd7 8. Be2 Bxf3 9. Bxf3 Bg5 10. Bxg5 Qxg5 11. Rb3 Rb8 12. 0-0 h5 13. Qc1 Qd8 14. Be2 Ne7 15. Qg5 g6 16. Nd1 Qa5 17. Nc3 Qd8 18. Qe3 0-0 19. Qh6 c4 20. Ra3 Nc8 21. Nd1 Qf6 22. Bxh5 Qf4 23. Qxf4 exf4 24. Be2 Ne5 25. a5 Na7 26. Ra4 Rfc8 27. Nc3 Rc5 28. Rfa1 Nb5 29. Nxb5 axb5 30. Rb4 Ra8 31. Ra3 Kg7 32. f3 g5 33. Kf2 f5 34. exf5 Kf6 35. g4 fxg3+ 36. Kxg3 Rxd5 37. f4 gxf4+ 38. Kxf4 Rd2 39. Bf3 Nxf3 40. Kxf3 Rd5 41. Ra1 Kg5 42. Rh1 Kf6 43. h4 Rxf5+ 44. Kg4 Rxa5 45. b3 Ra8 46. bxc4 bxc4 47. Rxb7 Rd5 48. h5 Ke6 49. Kf4 Rd4+ 50. Kg5 Rd2 51. Kg6 Rf8 52. h6 Rg2+ 53. Kh7 Rf7+ 54. Rxf7 Kxf7 0-1

[Event "GER-chT Seniors 12th"]
[Site "Finsterbergen"]
[Date "2003.08.10"]
[Round "1.1"]
[White "Krieger, Hermann"]
[Black "Igney, Volkhard"]
[Result "1/2-1/2"]
[WhiteElo "2282"]
[BlackElo "2248"]
[PlyCount "105"]
[EventDate "2003.08.10"]
[EventType "team"]
[EventRounds "7"]
[EventCountry "GER"]
[SourceTitle "EXT 2012"]
[Source "ChessBase"]
[SourceDate "2011.11.24"]
[SourceVersion "1"]
[SourceVersionDate "2011.11.24"]
[SourceQuality "1"]
[WhiteTeam "Rheinland Pfalz"]
[BlackTeam "Wuerttemberg"]
[WhiteTeamCountry "GER"]
[BlackTeamCountry "GER"]

1. e4 c6 2. d4 d5 3. exd5 cxd5 4. c4 Nf6 5. Nc3 e6 6. Nf3 Bb4 7. cxd5 Nxd5 8. Bd2 Nc6 9. Bd3 Nf6 10. 0-0 0-0 11. Qe2 Be7 12. Rfd1 Nxd4 13. Nxd4 Qxd4 14. Bg5 Qc5 15. Bh4 Qb4 16. Bg3 Bd7 17. a3 Qb6 18. Be5 Bc6 19. Bd4 Qa5 20. b4 Qg5 21. f3 Rfd8 22. Qf2 a5 23. h4 Qh5 24. Rab1 axb4 25. axb4 Nd5 26. Ne4 Nxb4 27. Rxb4 Bxb4 28. Qg3 Qh6 29. Nf6+ Kf8 30. Nxh7+ Ke7 31. Qxg7 Qxg7 32. Bxg7 Bc5+ 33. Kh2 Bd4 34. Bh6 f6 35. Bd2 Be5+ 36. f4 Rxd3 37. fxe5 Be4 38. Nxf6 Bf5 39. g4 Ra2 40. gxf5 Raxd2+ 41. Rxd2 Rxd2+ 42. Kg3 exf5 43. h5 Rd1 44. h6 Rh1 45. Kg2 Rxh6 46. Ng8+ Ke6 47. Nxh6 Kxe5 48. Kf3 b5 49. Nxf5 Kxf5 50. Ke3 Ke5 51. Kd3 Kd5 52. Kc3 Kc5 53. Kb3 1/2-1/2

[Event "GER-ch Seniors 15th"]
[Site "Bad Wiessee"]
[Date "2003.05.17"]
[Round "8"]
[White "Jahr, Dieter"]
[Black "Igney, Volkhard"]
[Result "0-1"]
[WhiteElo "2060"]
[BlackElo "2240"]
[PlyCount "51"]
[EventDate "2003.05.??"]
[EventType "swiss"]
[EventRounds "9"]
[EventCountry "GER"]
[SourceTitle "EXT 2006"]
[Source "ChessBase"]
[SourceDate "2005.11.24"]
[SourceVersion "1"]
[SourceVersionDate "2005.11.24"]
[SourceQuality "1"]

1. c4 c6 2. Nc3 d5 3. cxd5 cxd5 4. d4 e5 5. e3 e4 6. Bb5+ Nc6 7. Nge2 Nf6 8. Nf4 a6 9. Be2 Be7 10. a3 0-0 11. b4 b5 12. Qb3 Be6 13. 0-0 Bd6 14. Nxe6 fxe6 15. f4 exf3 16. Bxf3 Qc7 17. h3 Rf7 18. Bd2 Raf8 19. Rad1 Bh2+ 20. Kh1 Kh8 21. Qb1 Bd6 22. Qd3 Qb6 23. Rc1 Bb8 24. Rb1 Qc7 25. Kg1 Ne4 26. Nxe4 0-1